Básnik Ivan Blatný.../inc./

Bibliographic Details
Main Author: Pastier, Oleg, 1952-2018 (Author)
Format: Article
Language:Slovak
Subjects:

MARC

LEADER 00000nab a2200000 a 4500
001 vtls000417205
003 SK-MaSNL
005 20260303162621.0
008 230302c1991 xo 0 slo
015 |a SNBRB19rr/mm-uuuuu 
035 |a CL0417330 
035 |a urn:nbn:sk:snk-abenun 
035 |a (urnnbn)urn:nbn:sk:snk:ar-000fdm 
035 |a (uuid)1e6ea0ba-8346-4ed9-a569-04f893e6a0b4 
040 |a SNKBUCL  |b slo  |c SNKBUCL  |e AACR2 
041 0 |a slo 
044 |a xo  |c SK 
080 |a 82:929:885.0  |2 1981 
080 |a 929  |2 1981 
080 |a 885.0  |2 1981 
080 |a 929 Blatný, Ivan  |2 1981 
100 1 |a Pastier, Oleg,  |d 1952-2018  |4 aut  |9 176299 
245 1 0 |a Básnik Ivan Blatný.../inc./  |c Oleg Pastier ; Ivan Blatný 
600 1 7 |a Blatný, Ivan,  |d 1919-1990  |2 snkbucl  |9 210577 
655 7 |a články z novín a časopisov  |2 snkbucl  |9 267496 
655 7 |a články z odboru literárna veda a krásna literatúra  |2 snkbucl  |9 770045 
773 0 |t Slovenské pohľady  |g Roč. 107, č. 4 (1991), s. 54 
850 |a Slovenská národná knižnica v Martine  |a MTA001 
852 |a SNK  |b KIS3GCP 
958 |a RK 
958 |a CZ 
958 |a LX 
958 |a OND 
958 |a EUIPO 
958 |a article27 
992 |a RBX 
999 |c 2055913  |d 2057843